Partnership agreement ACP-EC : (Record no. 521)

MARC details
000 -LEADER
fixed length control field 03213cam a2200625 a 4500
001 - CONTROL NUMBER
control field 16642446
003 - CONTROL NUMBER IDENTIFIER
control field OSt
005 - DATE AND TIME OF LATEST TRANSACTION
control field 20230606091623.0
008 - FIXED-LENGTH DATA ELEMENTS--GENERAL INFORMATION
fixed length control field 110208s2007 lu z i000 0 eng d
010 ## - LIBRARY OF CONGRESS CONTROL NUMBER
LC control number 2011371385
016 7# - NATIONAL BIBLIOGRAPHIC AGENCY CONTROL NUMBER
Record control number 015628388
Source Uk
020 ## - INTERNATIONAL STANDARD BOOK NUMBER
International Standard Book Number 9789279070716
020 ## - INTERNATIONAL STANDARD BOOK NUMBER
International Standard Book Number 9279070711
035 ## - SYSTEM CONTROL NUMBER
System control number (OCoLC)ocn495871028
040 ## - CATALOGING SOURCE
Original cataloging agency CEF
Language of cataloging eng
Transcribing agency CEF
Modifying agency PAU
-- COD
-- OKU
-- YLS
-- OCLCF
-- OCLCA
-- UKMGB
-- OCLCO
-- DLC
042 ## - AUTHENTICATION CODE
Authentication code lccopycat
043 ## - GEOGRAPHIC AREA CODE
Geographic area code e------
-- d------
082 ## - DEWEY DECIMAL CLASSIFICATION NUMBER
Classification number 346.0682
Item number ACP
130 0# - MAIN ENTRY--UNIFORM TITLE
Uniform title Cotonou Agreement
Date of treaty signing (2000 June 23)
245 10 - TITLE STATEMENT
Title Partnership agreement ACP-EC :
Remainder of title signed in Cotonou on 23 June 2000, revised in Luxembourg on 25 June 2005.
246 3# - VARYING FORM OF TITLE
Title proper/short title Partnership agreement African, Caribbean and Pacific States-European Commission
250 ## - EDITION STATEMENT
Edition statement [2005 rev. ed.].
260 ## - PUBLICATION, DISTRIBUTION, ETC. (IMPRINT)
Place of publication, distribution, etc. Luxembourg :
Name of publisher, distributor, etc. Office for Official Publications of the European Communities,
Date of publication, distribution, etc. 2007.
300 ## - PHYSICAL DESCRIPTION
Extent 1 v. (various pagings) ;
Dimensions 21 cm.
490 1# - SERIES STATEMENT
Series statement Development ;
Volume/sequential designation DE-132
500 ## - GENERAL NOTE
General note Cover title.
500 ## - GENERAL NOTE
General note "European Commission, Directorate-General for Development and relations with African, Caribbean and Pacific States"--T.p. verso.
500 ## - GENERAL NOTE
General note "NH-72-07-063-EN-C"--P. [4] of cover.
530 ## - ADDITIONAL PHYSICAL FORM AVAILABLE NOTE
Additional physical form available note Also available online.
610 20 - SUBJECT ADDED ENTRY--CORPORATE NAME
Corporate name or jurisdiction name as entry element European Union
Geographic subdivision Developing countries.
610 27 - SUBJECT ADDED ENTRY--CORPORATE NAME
Corporate name or jurisdiction name as entry element European Union.
Source of heading or term fast
Authority record control number (OCoLC)fst00916630
650 #0 - SUBJECT ADDED ENTRY--TOPICAL TERM
Topical term or geographic name as entry element Economic assistance, European
Geographic subdivision Developing countries.
650 #0 - SUBJECT ADDED ENTRY--TOPICAL TERM
Topical term or geographic name as entry element Sustainable development
General subdivision Law and legislation
Geographic subdivision Developing countries.
650 #0 - SUBJECT ADDED ENTRY--TOPICAL TERM
Topical term or geographic name as entry element Economic assistance
Geographic subdivision Developing countries.
650 #0 - SUBJECT ADDED ENTRY--TOPICAL TERM
Topical term or geographic name as entry element Economic policy
General subdivision International cooperation
Form subdivision Treaties.
650 #0 - SUBJECT ADDED ENTRY--TOPICAL TERM
Topical term or geographic name as entry element International cooperation
Form subdivision Treaties.
650 #7 - SUBJECT ADDED ENTRY--TOPICAL TERM
Topical term or geographic name as entry element Economic assistance.
Source of heading or term fast
Authority record control number (OCoLC)fst00901592
650 #7 - SUBJECT ADDED ENTRY--TOPICAL TERM
Topical term or geographic name as entry element Economic assistance, European.
Source of heading or term fast
Authority record control number (OCoLC)fst00901703
650 #7 - SUBJECT ADDED ENTRY--TOPICAL TERM
Topical term or geographic name as entry element Economic policy
General subdivision International cooperation.
Source of heading or term fast
Authority record control number (OCoLC)fst00902041
650 #7 - SUBJECT ADDED ENTRY--TOPICAL TERM
Topical term or geographic name as entry element International cooperation.
Source of heading or term fast
Authority record control number (OCoLC)fst00976857
650 #7 - SUBJECT ADDED ENTRY--TOPICAL TERM
Topical term or geographic name as entry element International economic relations.
Source of heading or term fast
Authority record control number (OCoLC)fst00976891
650 #7 - SUBJECT ADDED ENTRY--TOPICAL TERM
Topical term or geographic name as entry element Sustainable development
General subdivision Law and legislation.
Source of heading or term fast
Authority record control number (OCoLC)fst01139748
651 #0 - SUBJECT ADDED ENTRY--GEOGRAPHIC NAME
Geographic name European Union countries
General subdivision Foreign economic relations
Geographic subdivision Developing countries.
651 #0 - SUBJECT ADDED ENTRY--GEOGRAPHIC NAME
Geographic name Developing countries
General subdivision Foreign economic relations
Geographic subdivision European Union countries.
651 #7 - SUBJECT ADDED ENTRY--GEOGRAPHIC NAME
Geographic name Developing countries.
Source of heading or term fast
Authority record control number (OCoLC)fst01242969
651 #7 - SUBJECT ADDED ENTRY--GEOGRAPHIC NAME
Geographic name Europe
Geographic subdivision European Union countries.
Source of heading or term fast
Authority record control number (OCoLC)fst01269470
655 #7 - INDEX TERM--GENRE/FORM
Genre/form data or focus term Treaties.
Source of term fast
Authority record control number (OCoLC)fst01423868
655 #7 - INDEX TERM--GENRE/FORM
Genre/form data or focus term Treaties.
Source of term lcgft
710 2# - ADDED ENTRY--CORPORATE NAME
Corporate name or jurisdiction name as entry element European Commission.
Subordinate unit Directorate-General for Development and Relations with African, Caribbean and Pacific States.
830 #0 - SERIES ADDED ENTRY--UNIFORM TITLE
Uniform title Development (European Commission. Directorate-General for Development) ;
Volume number/sequential designation DE 132.
856 41 - ELECTRONIC LOCATION AND ACCESS
Uniform Resource Identifier <a href="http://bookshop.europa.eu/is-bin/INTERSHOP.enfinity/WFS/EU-Bookshop-Site/en_GB/-/EUR/ViewPDFFile-OpenPDFFile?FileName=NH7207063ENC_002.pdf&SKU=NH7207063ENC_PDF">http://bookshop.europa.eu/is-bin/INTERSHOP.enfinity/WFS/EU-Bookshop-Site/en_GB/-/EUR/ViewPDFFile-OpenPDFFile?FileName=NH7207063ENC_002.pdf&SKU=NH7207063ENC_PDF</a>
Public note Connect to online resource
906 ## - LOCAL DATA ELEMENT F, LDF (RLIN)
a 7
b cbc
c copycat
d 2
e ncip
f 20
g y-gencatlg
942 ## - ADDED ENTRY ELEMENTS (KOHA)
Source of classification or shelving scheme Dewey Decimal Classification
Koha item type Books
Holdings
Withdrawn status Lost status Source of classification or shelving scheme Damaged status Not for loan Home library Current library Date acquired Total Checkouts Full call number Barcode Date last seen Price effective from Koha item type
    Dewey Decimal Classification     Bunge Tower Library Bunge Tower Library 06/06/2023   346.0682 ACP 10014647 06/06/2023 06/06/2023 Books
LIBRARY OPENING HOURS

When the Parliament is sitting: 8.00a.m - 7.00p.m or until the house adjourns
Mondays and Fridays and when the House is on Recess:  8.00a.m - 5.00p.m
Closed on Weekends and Public Holidays

Online Public Access Catalog (OPAC)
Website: http://www.parliament.go.ke
Bunge Library: https://libraryir.parliament.go.ke
Contact: library@parliament.go.ke | Tel no: (254-2)2221291 or 2848000 Ext 5043